[Event "Ciocaltea Memorial"]
[Site "Bucharest"]
[Date "1997.??.??"]
[Round "4"]
[White "Vajda, Levente"]
[Black "Cosma, Ioan"]
[Result "0-1"]
[WhiteElo "2435"]
[BlackElo "2495"]
[Annotator "Har Zvi,R"]
[PlyCount "150"]
[EventDate "1997.03.??"]
[EventType "tourn"]
[EventRounds "13"]
[EventCountry "ROU"]
[EventCategory "10"]
[SourceTitle "CBM 060"]
[Source "ChessBase"]
[SourceDate "1997.09.29"]
[SourceVersion "1"]
[SourceVersionDate "1997.09.29"]
[SourceQuality "1"]

1. e4 c5 2. c3 Nf6 3. e5 Nd5 4. d4 cxd4 5. Nf3 Nc6 6. Bc4 Nb6 7. Bb3 d6 8. exd6
Qxd6 9. Na3 dxc3 10. Qe2 Bf5 11. bxc3 $6 $146 {a novelty according to my
database,but this move does not seen to be a good one at all,it seems that in
the game black got very easily a better position,and this was not white's idea}
(11. Nb5 Qd7 12. Ne5 Nxe5 13. Qxe5 f6 14. Nc7+ (14. Nd6+ $2 Qxd6 15. Qxf5 g6
16. Qe4 Qc6 17. Qxc6+ bxc6 18. bxc3 e5 19. f4 Bd6 20. O-O O-O-O $1 $17 {
Van mil,J-Nijboer,F Wijk ann zee 1995 65/(154)}) 14... Kd8 15. Ne6+ Bxe6 16.
Qxe6 Rc8 (16... Qxe6+ 17. Bxe6 Na4 18. b4 $1 a5 19. Be3 $1 axb4 20. O-O-O+ $36
{Hracek,Z-Stohl,I Cesko 1996 66/122 [ Stohl,I]}) 17. Qe2 e5 18. O-O Kc7 19. a4
Kb8 (19... Rd8 20. a5 $140 Nc8) 20. a5 Na8 21. bxc3 $44 {De la Paz,F-Blanco
Fernandez,A Villa Clara 1995 65/154 [Nogueiras,J]}) 11... Bd3 $1 {on this
diagonal the bishop is very strong it prevents both castle by white but even
more important Nb5} 12. Qe3 e6 13. Bb2 {[%cal Ga1d1,Rd1d6]} Ba6 14. c4 (14. Rd1
Qc5 $19 {[%cal Gf8e7,Ge8g8]}) 14... Qb4+ $17 {/-+} 15. Nd2 O-O-O {the simplest
move,and probebly the best} (15... Qa5 16. Nb5 (16. Nc2 Nxc4 17. Bxc4 Bxc4)
16... Nxc4 17. Bxc4 Bxb5 18. O-O {when white got some chances although I think
they are not enough maybe even nothing but I do not want to give even this}) (
15... Bc5 $5) 16. Nc2 Qc5 $6 {it seems black wanted to play safe,very safe,but
the simple Nxc4 seems to give him a winning position without big troubles} (
16... Nxc4 $142 17. Nxb4 (17. Bxc4 $2 Qxb2 {and the game is over}) 17... Nxe3
18. Nxa6 Nxg2+ 19. Kd1 (19. Kf1 Rxd2) 19... bxa6 20. Rc1 Kb7 $19 {and with 3
pawns white chances of saving the game should be-0}) 17. Qf4 Qf5 18. Qxf5 exf5
19. O-O-O f6 $17 {[%csl Ra2,Rc4] now the position has become much more clear,
black is a pawn up,with better pieces while white has a weak pawn structure on
the Queen's side,black is much better but not winning as he could have been}
20. Ne3 Nb4 21. Kb1 Nd3 22. Nf3 Bc5 (22... Nxb2 23. Rxd8+ Kxd8 24. Kxb2 g6 25.
Nd4 {with some play for white}) (22... Nxf2 23. Rxd8+ Kxd8 24. Rc1 f4 25. Nf5 {
and white some initiative,which in the game black did not allow}) 23. Nxf5 Nxf2
24. Rxd8+ Rxd8 25. Rf1 (25. Re1 Nd3 {[%cal Gd3b2,Gg7g6]}) 25... Nd3 (25... Rd7)
26. Nxg7 (26. Bc3 Rd7) 26... Nxb2 27. Kxb2 Rg8 28. Ne6 Rxg2+ 29. Kc3 Ba3 (29...
Rf2 $5 {this seems like quite a simple move trying to exchange more pieces
which is considered good for the side with the material advantage} 30. Rxf2
Bxf2 $17) 30. Rd1 Bb2+ $6 (30... Be7 $142 {when the rook can stay active,plus
the a3-f8 diagonal is an important one}) 31. Kb4 Rg8 32. Rb1 (32. c5 Nd7 33.
Ned4 Rg4 34. Be6 Re4 {black is a pawn up but white has chances in this
position,although of course black is the better side}) 32... Be5 (32... Nd5+ $6
33. cxd5 (33. Kc5 b6+ 34. Kxd5 Bb7+) 33... Rg4+ 34. Ned4 Bxd4 35. Nxd4 Rxd4+
36. Kc5 $13 {[%csl Gd5][%cal Gc5d6]}) 33. Nxe5 fxe5 34. Nc5 {black has played
many incorrect moves after he got a winning position very soon in the opening,
but after his next move the game should have ended with a draw,although in
this position black has a strong move which gives him a big advantage} (34. Re1
Nd7 35. Ba4 b6 $140 $1 36. Bxd7+ Kxd7 37. Rxe5 Re8) {[%tqu "En","can you find
black's way in this position,it's a very tricky idea!","","","b6d7","",6]}
34... Rg4 $2 (34... Nd7 $1 35. Nxa6 Rg6 $3 $17 {[%cal Ga6c5,Yg6b6] this is the
idea,you must admit this is a very impressive move}) 35. Nxa6 bxa6 36. Rc1 $2 {
a very strange move,attacking nothing,threatening nothing,while after Re1 it
seems white should make draw without special problems} (36. Re1 Nd7 (36... Rg5
37. c5 Nd7 38. Be6) 37. Ba4) 36... Rh4 (36... Kc7) 37. Rc2 (37. Re1 $5 {
again this was not a bad move} Nd7 38. Ba4 {rook ending are draw...more or less
} Rxh2 39. Bxd7+ Kxd7 40. Rxe5 Rxa2 41. Rh5 $11) (37. Ka5 Nd7 $140 38. Kxa6 $6
Nb8+ 39. Ka5 (39. Kxa7 $4 Rh6 {[%cal Gh6a6]}) 39... Rxh2) 37... Kc7 {now black
has a threat,which most of us will not even think about,Nd5-Nf4 placing the
knight in a fantastic square where it can block the "f" file for white rook
and take control over many important squares in the center} 38. a4 (38. Ka5 e4
{[%cal Gh5a5]} 39. c5 (39. Kxa6 Rh5) 39... Nd7 $15 {/-/+}) 38... Nd5+ 39. Kc5 (
39. Ka5) 39... Nf4 $17 {threatening Nd3 and after Kd5 Nb4,on c5 white's king
is very weak,maybe is was better to put him on a5!?} 40. Rc3 (40. Rd2 e4 $1 41.
Kd4 Ne6+ 42. Ke5 (42. Ke3 Rh3+) 42... Nc5 43. Bc2 e3 $17) 40... Rxh2 41. Rg3
Rd2 42. Kb4 Rg2 {white simply lost the "h" pawn and changed nothing in the
position,I suspect that white was in time trouble since his last 5-6 moves are
simply not very good} 43. Re3 h5 $19 44. Ka5 Rg5 45. Bc2 h4 46. Be4 Rg3 47. Re1
h3 48. Kxa6 Rb3 49. Rg1 Ne6 50. Bd5 h2 51. Rg8 Nc5+ 52. Kxa7 Nxa4 53. Rg7+ Kd6
54. Rh7 Rb2 55. Bh1 Nc5 56. Rh6+ Ke7 57. Rh7+ Kf6 58. Rh5 Ne6 59. Ka6 Nf4 60.
Rh8 Nd3 61. Ka5 Kf5 62. Ka4 e4 63. Rf8+ Kg5 64. Rg8+ Kf4 65. Rf8+ Ke3 66. Rh8
Kd4 67. Rh4 Nc5+ 68. Ka3 Rc2 69. Kb4 Rxc4+ 70. Kb5 Rc2 71. Kc6 Ne6+ 72. Kd6 Ng5
73. Rg4 Rc1 74. Bg2 Rg1 75. Rxg5 Rxg2 0-1

[Event "RUS-Cup6"]
[Site "Krasnodar"]
[Date "1997.??.??"]
[Round "4"]
[White "Daniliuk, Sergey"]
[Black "Poluljahov, Aleksandr"]
[Result "1/2-1/2"]
[WhiteElo "2410"]
[BlackElo "2510"]
[Annotator "Har Zvi,R"]
[PlyCount "52"]
[EventDate "1997.03.11"]
[EventType "swiss"]
[EventRounds "9"]
[EventCountry "RUS"]
[SourceTitle "EXT 2000"]
[Source "ChessBase"]
[SourceDate "1999.11.16"]
[SourceVersion "1"]
[SourceVersionDate "1999.11.16"]
[SourceQuality "1"]

1. e4 c5 2. c3 Nf6 3. e5 Nd5 4. Nf3 Nc6 5. Bc4 Nb6 6. Be2 g6 (6... d5) (6... d6
) 7. d4 cxd4 8. cxd4 Bg7 9. Bf4 (9. Nc3 O-O 10. d5 (10. Bf4 d6 11. exd6 exd6
12. O-O (12. h3 a6 13. O-O d5 14. Qd2 Be6 15. Rad1 Nd7 16. Rfe1 Re8 17. Bh6 Rc8
18. a3 $14 {Keitlinghaus,L-Videki,S Budapest 1996}) 12... Bg4 13. Nb5 d5 14.
Bc7 Qd7 15. Bxb6 axb6 16. h3 Bf5 $13 {Sveshnikov,E-Antones,A Oviedo 25' 1993})
10... Nxe5 11. Nxe5 Bxe5 12. Bh6 Re8 13. f4 Bf6 14. f5 d6 15. fxg6 hxg6 16. O-O
Nd7 $15 {/-/+ Finkel,A-Alterman,B Rishon le Zion 1995}) 9... d6 10. exd6 exd6
11. O-O Nd5 $5 {an interesting plan by black,using the fact the white first
play 0-0 and not Nc3,black knight is going to e7 where it seems a better place
than b6 since there it can go one day maybe to f5+it gives black queen the
option to play on the d8-a5 diagonal} 12. Bg3 O-O 13. Nc3 Nde7 14. d5 Nb4 (
14... Ne5 15. Bh4 h6 16. Nxe5 Bxe5 17. Rc1 $14 {/~~}) 15. Qb3 (15. a3 Na6 (
15... Bxc3 16. bxc3 Nbxd5 17. Rc1 Qa5 18. Bxd6 $14)) (15. Bh4 $5 h6 (15... Bxc3
16. bxc3 Nbxd5 17. Qd2 $1 {with more than enough compensation for white}) 16.
Qb3 Na6 17. Bxa6 bxa6 18. Rfe1 g5 19. Bg3 f5) 15... Na6 16. Ne4 (16. Bxa6 bxa6
{[%cal Gb8b2] black gets some play over the "b" file but on the other hand he
gave black bad pawn structure,plus now the d6 pawn is more weak,but normally
as a principial this Bxa6 opening the "b" is not in white's interest} 17. Qa3 (
17. Ne4 Nf5 18. Bf4 Qb6 $13) 17... Nf5 18. Bf4 Rb8 {and black seems just fine})
16... Nf5 17. Rae1 $6 (17. Bf4 Nc5 18. Nxc5 dxc5 19. Rac1 b6 $13) 17... Nxg3 (
17... Re8 18. Bxa6 bxa6 19. Bf4 {[%cal Gf4g5]}) 18. hxg3 Re8 19. Bb5 $6 Rxe4 $1
20. Rxe4 Nc5 21. Rfe1 $8 (21. Qe3 Nxe4 22. Qxe4 Bxb2) 21... Bd7 (21... Nxb3 $4
22. Re8+ Qxe8 23. Rxe8+ Bf8 24. axb3 {with Bd7 on the next winning an exchange
for} b6 25. Bd7 {also Bc6 is possible but this line is nicer} (25. Bc6 Rb8 26.
Bd7) 25... Bb7 26. Rxa8 Bxa8 27. Bc6 Bxc6 28. dxc6 {[%csl Gc8][%cal Gc6c7,
Gc7c8]}) 22. Qc4 (22. Qb4 a5 (22... Nxe4 $6 23. Rxe4 a5 24. Qa4 $8 Bxb5 25.
Qxb5) 23. Qc4 (23. Bxd7 axb4 24. Re8+ Qxe8 25. Rxe8+ Rxe8 26. Bxe8 Bxb2 $15 {
[%csl Ra2,Rd5] /-/+}) 23... Nxe4 24. Rxe4 Bxb2 25. Qa4 Bxb5 26. Qxb5 Bf6 27.
Qxb7 Rb8 28. Qc6 Kg7 $15 {[%csl Ra2,Rd5,Rf2,Rg1] it is very nice to have this
position with the black pieces,since white has some weaknesses,when black
seems to have no problems at all}) 22... Nxe4 23. Rxe4 a6 $6 {just a very
strange move that I do not understand,why not simply to take the pawn on
b2?since then white fights for a draw} (23... Bxb2 24. Qa4 Bxb5 25. Qxb5 Qb6
26. Rb4 (26. Re8+ Rxe8 27. Qxe8+ Kg7 28. Ng5 Qc7) 26... Ba3 27. Qxb6 axb6 28.
Rxb6 Bc5 29. Rb2 $15 {[%csl Ra2,Rd5]} (29. Rxb7 $2 Rxa2 {[%csl Rf2]})) 24. Bxd7
Qxd7 25. b3 {now white is just OK} h6 26. Qd3 Rc8 1/2-1/2

[Event "Dresden zt 1.2"]
[Site "Dresden"]
[Date "1998.05.09"]
[Round "11"]
[White "Sermek, Drazen"]
[Black "Nedev, Trajce"]
[Result "1/2-1/2"]
[WhiteElo "2510"]
[BlackElo "2405"]
[Annotator "Har Zvi,R"]
[PlyCount "83"]
[EventDate "1998.04.28"]
[EventType "swiss"]
[EventRounds "11"]
[EventCountry "GER"]
[SourceTitle "CBM 065"]
[Source "ChessBase"]
[SourceDate "1998.08.06"]
[SourceVersion "1"]
[SourceVersionDate "1998.08.06"]
[SourceQuality "1"]

1. e4 c5 2. c3 Nf6 3. e5 Nd5 4. Nf3 Nc6 5. Bc4 e6 6. d4 cxd4 7. cxd4 d6 8. O-O
Be7 9. Qe2 O-O 10. Re1 {not a very playable move at all,to be honest I play
this line with the white pieces but this is the first time I see this move} (
10. Rd1 Bd7 (10... Na5 11. Bxd5 exd5 12. Nc3 Be6 13. Bf4 a6 14. Rac1 Rc8 15. h3
Re8 16. Nb1 Rxc1 17. Rxc1 Nc6 18. Rd1 dxe5 19. Nxe5 Nxe5 20. Bxe5 Bf8 21. Qd2
Qd7 {1/2-1/2 Zhukhovitsky,S-Arkhangelsky,B/WchS 1994/EXT 94ch}) (10... Nb6 11.
Bb3 d5 12. a3 Bd7 13. Nc3 Rc8 14. Bc2 f5 15. exf6 gxf6 $13 {0-1 Pandavos,
P-Grivas,E/GRE-ch95 1996/EXP 51 (44)}) (10... b6 11. Bxd5 exd5 12. Nc3 Be6 13.
Qb5 Rc8 14. Nxd5 Bxd5 15. Qxd5 dxe5 16. dxe5 Qxd5 17. Rxd5 f6 18. Be3 fxe5 19.
Nxe5 Nxe5 20. Rxe5 $14 {/+/- 1/2-1/2 Handoko,E-Fedder,S/Luzern olm 1982/BIG 80
(44)}) 11. Bxd5 (11. Nc3 Nxc3 12. bxc3 d5 13. Bd3 f5 14. exf6 Bxf6 15. Qc2 h6
16. Re1 Rc8 17. Qd1 Be7 18. Bd2 Bd6 $13 {1/2-1/2 Sturc,G-Maalla,A/Cappelle op
1995/EXT 95op2 (66)}) (11. a3 Rc8 12. Nbd2 Na5 13. Ba2 Ba4 14. Re1 dxe5 15.
Nxe5 Qb6 16. Qg4 Nf6 17. Qh3 Rc7 18. b4 Nc6 19. Bb2 $132 {1-0 Lane,G-Pavlovic,
M/Cappelle op 1995/EXT 95op2 (30)}) 11... exd5 12. Nc3 Be6 13. Bf4 (13. Qb5 a6
14. Qe2 Re8 15. Be3 h6 16. h3 Bf8 17. Qd2 Rc8 18. b3 Bf5 19. exd6 Nb4 20. Bf4
Bxd6 21. Bxd6 Qxd6 $36 {0-1 Pavasovic,D-Kozul,Z/Nova Gorica op 1997/EXP 56 (34)
}) 13... dxe5 14. dxe5 Qa5 15. a3 Rfd8 16. b4 Qb6 17. Be3 d4 18. Na4 Qc7 19.
Nxd4 Qxe5 20. Nxe6 Qxe6 21. Qb5 Rxd1+ 22. Rxd1 Qb3 23. Re1 Rd8 $15 {0-1 Honfi,
K-Portisch,L/Balatonfured 1959/EXT 97 (56)}) 10... Qb6 (10... Bd7 11. Nc3 Nxc3
12. bxc3 dxe5 13. dxe5 Qc7 (13... Na5 14. Bd3 Bc6 15. Nd4 Bd5 16. Qg4 g6 17.
Bh6 Re8 18. Bb5 Bc6 19. Rad1 Qb6 20. Bxc6 Nxc6 21. Nf3 Rad8 $15 {0-1 Pavasovic,
D-Nedev,T/Zonal 1.1 1998/CBM 65_03 (44)}) 14. Bd3 Rfd8 15. Bg5 Be8 16. Bc2 g6
17. Qe3 Rd5 18. Bb3 Ra5 19. Bf6 Bxf6 20. exf6 Qd8 21. Ng5 Qxf6 $17 {1/2-1/2
Ristic,N-Vallifuoco,G/Chianciano tt 1989/EXT 89b (45)}) 11. Qe4 dxe5 12. dxe5
Bc5 13. Re2 f5 14. exf6 (14. Qc2 Ndb4 (14... Bd7) 15. Qc3 Rd8 $36) 14... Nxf6
15. Qh4 (15. Bxe6+ Kh8 (15... Bxe6 16. Qxe6+ Kh8 17. Nc3 Rae8 18. Qc4 Rxe2 19.
Qxe2 Re8 $36) 16. Qh4 (16. Qc2 Bxf2+ 17. Rxf2 Bxe6 $17) 16... Bxe6 (16... Re8
17. Bc4 Rxe2 18. Bxe2 Ng4 19. Qh5 Bxf2+ 20. Kf1 Be6 (20... Bf5 $3 $17 21. Qxf5
$4 Bg3 $19)) 17. Rxe6 Rae8 18. Rxe8 Rxe8 $36 {[%csl Rg1]}) 15... Rd8 16. Bb3 (
16. Rd2 $5) (16. Nbd2 $5) 16... Nd4 17. Nxd4 Rxd4 18. Qh3 (18. Qg3 Ng4 19. Nc3
(19. Qf3 $2 Bd7 20. Bf4 Rf8 $19) 19... Bd6 20. Qh3 Bxh2+ 21. Kh1 Rb4 $13 (21...
Bc7 $2 22. f3 {[%cal Gc1e3]})) 18... Re4 19. Be3 (19. Rxe4 Bxf2+ 20. Kh1 Nxe4
21. Nd2 $44 {[%csl Ra8,Rc8,Rg8] it's clear white has compensation here but he
is fightinh for a draw not more}) 19... Bxe3 20. fxe3 (20. Rxe3 Ng4 21. Nc3
Rxe3 (21... Rf4 $2 22. Qg3 Rxf2 23. Rae1 Nxe3 24. Qxf2 Nd5 (24... Nf5 25. Qxb6
axb6 26. Rxe6 $16) 25. Nxd5 Qxf2+ 26. Kxf2 exd5 27. Re8+ Kf7 28. Rh8 $16) 22.
fxe3 Nxe3 (22... Qxe3+ $6 23. Qxe3 Nxe3 24. Re1 $36 Nf5 (24... Nd5 $2 25. Nxd5
exd5 26. Bxd5+ Kf8 27. Rf1+) 25. Rxe6 {[%csl Ra8]}) 23. Kh1 Bd7 24. Re1 Rf8 {
and black keeps his extra pawn,when white has to work hard to make a draw})
20... Nd5 {[%cal Gd5f4,Gd5e3]} 21. Kh1 $8 (21. Bxd5 $4 exd5 22. Qh5 Rxe3 $19) (
21. Nc3 Nf4 $19) 21... Rxe3 (21... Nf4 $2 22. Qf3) 22. Rxe3 Qxe3 (22... Nxe3 $5
23. Nd2 $1 (23. Nc3 Bd7 24. Re1 Rf8 {and again white has problem on the first
rank,that's why 23.Nd2 is a good move simply defending the "f1" square}) 23...
Nd5 (23... Bd7 24. Re1 Rc8 25. Nf3 $132 {[%cal Gf3g5,Gf3e5]}) 24. Rc1 $44) 23.
Qxe3 Nxe3 24. Nc3 Bd7 (24... Kf7 25. Re1 Nf5 26. Nb5 Bd7 27. Nc7 Rd8 (27... Rc8
28. Nxe6 Kf6 29. Nf4) 28. Nxe6 Bxe6 29. Rxe6 $1 $11) 25. Re1 $11 {there is
really nothing more to see,I think white just wanted to try and win the "dead"
draw position of course with no success} Rf8 26. Kg1 Nf5 27. Bxe6+ Bxe6 28.
Rxe6 Kf7 29. Re5 g6 30. g4 Ne7 31. Kf2 Rd8 32. Ke3 h6 33. h4 Rd6 34. a3 a6 35.
b4 Nc6 36. Rc5 b6 37. Ne4 bxc5 (37... Re6 38. Rd5) 38. Nxd6+ Ke6 39. bxc5 Ne5
40. Kd4 (40. Kf4 Nd3+) (40. g5 hxg5 41. hxg5 Kd5) 40... Nxg4 41. Nc4 g5 42.
hxg5 1/2-1/2

[Event "RUS-Cup4"]
[Site "Perm"]
[Date "1997.??.??"]
[Round "4"]
[White "Zakharov, Alexander V"]
[Black "Kalegin, Evgenij"]
[Result "1-0"]
[WhiteElo "2375"]
[BlackElo "2485"]
[Annotator "Har Zvi,R"]
[PlyCount "59"]
[EventDate "1997.02.02"]
[EventType "swiss"]
[EventRounds "9"]
[EventCountry "RUS"]
[SourceTitle "CBM 058"]
[Source "ChessBase"]
[SourceDate "1997.06.01"]
[SourceVersion "1"]
[SourceVersionDate "1997.06.01"]
[SourceQuality "1"]

1. e4 c5 2. c3 Nf6 3. e5 Nd5 4. d4 cxd4 5. Nf3 e6 6. cxd4 d6 7. Bc4 Nc6 8. O-O
Be7 9. Qe2 O-O 10. a3 (10. Qe4 Re8 (10... b6 11. Bd3 g6 12. Bh6 Re8 13. Nc3
Ncb4 14. Be2 Bb7 15. Nxd5 Bxd5 (15... Nxd5 16. Bb5 Nc3 17. Qxb7 Nxb5 18. Rac1
$14) 16. Qf4 Bxf3 17. Bxf3 d5 18. Be2 $1 $16 {[%cal Gf1a6]}) (10... Qc7 {
played mainly by GM Kozul} 11. Bd3 f5 {all games I have before except this one
black played g6 Kozul has many games with 11...g6} (11... g6 12. Bh6 Rd8 13.
Nbd2 dxe5 14. dxe5 Nb6 (14... Bd7 15. a3 Be8 16. Rfe1 Nb6 17. Bb1 Qd7 18. Qf4
Nd4 19. Bg5 Qa4 20. b4 $1 $40 {Sermek,D-Kozul,Z Bled 1993}) 15. Rfe1 $1 (15.
Rac1 Nd7 16. Bb5 Ndxe5 17. Nxe5 Qxe5 18. Bxc6 Qh5 19. Bxb7 Bxb7 20. Qxb7 Qxh6
21. Ne4 (21. Qxe7 $11) 21... Qf8 $1 $15 {Sermek,K-Kozul,Z Maribor 1993}) 15...
Nd7 16. Bf1 Nc5 17. Qf4 a5 18. Rac1 Nb4 19. Bg5 $40 {/+/- Sermek,D-Dimitrov,V
Velen op 1993}) 12. exf6 Nxf6 13. Qe2 Nb4 14. Nc3 Nxd3 15. Qxd3 Bd7 16. Re1
Rae8 17. Ng5 Bd8 18. Bf4 h6 19. Nf3 Nh5 $13 {Pavasovic,D-Kozul,Z Maribor 1996})
(10... dxe5 11. dxe5 b6 12. Bd3 g6 13. Bh6 Re8 14. Nbd2 (14. a3) 14... Ndb4 15.
Bc4 Bb7 16. Qf4 Nd3 $13 {Cherniaev,A-Neverov,V Sankt_Peterburg 1995 64/(154})
11. Bd3 g6 12. a3 Bd7 13. Re1 Rc8 14. Nbd2 dxe5 15. dxe5 b5 16. h4 $1 (16. Bxb5
Nxe5) 16... Na5 17. h5 Bc6 18. hxg6 hxg6 19. Qg4 $40 {Har-Zvi,R-Shmuter,L
Tel-Aviv 1996}) 10... Re8 (10... Qb6 11. Rd1 Na5 12. Nbd2 Bd7 13. Ba2 Ba4 14.
Re1 Bb3 15. Bb1 Rfc8 16. Qe4 g6 17. Qg4 Qc7 18. h4 $13 {Sveshnikov,
E-Timoshenko,G SSSR 1974}) 11. Bd3 g6 12. Qe4 a6 {12...Bd7 would transpose to
Har-Zvi,R-Shmuter,L above,to me a6 seems just a move when I can not see a real
perpurse for it} 13. Bh6 dxe5 14. dxe5 f5 15. exf6 Nxf6 {[%csl Re6]} (15...
Bxf6 16. Ra2 e5 17. Bc4 Be6 18. Rd1 Nd4 19. Nxe5 b5 20. Rxd4 (20. Bf1 Bxe5 21.
Qxe5 Nf5 22. Bc1 Bf7 {and you can believe it or not but the queen has been
trapped in the middle of the board in probably the strangest way I have ever
seen!!}) 20... bxc4 21. Nd2) 16. Qe2 Ng4 (16... e5 $2 17. Bc4+ Kh8 18. Ng5 $18)
17. Bf4 Bd6 (17... e5 18. Bg3) (17... Nd4 18. Nxd4 Qxd4 19. Bg3) 18. Bxd6 (18.
Bg3 Bxg3 19. hxg3 e5 20. Nbd2 Nd4) 18... Qxd6 19. g3 {defending against Nd4} (
19. Qe4 e5) 19... Rf8 (19... e5 20. Nbd2) 20. Nbd2 b5 21. h3 (21. Rae1 Nge5 22.
Nxe5 Nxe5 23. Qxe5 (23. Bb1 Nc6) 23... Qxd3 24. Ne4 Rf5 25. Qc7 Rf7 26. Qb6 $36
) 21... Nge5 22. Nxe5 Nxe5 (22... Qxe5 $142 $5 23. Qxe5 Nxe5 24. Be4 Ra7) 23.
Be4 Rb8 24. Rad1 {[%cal Gd2c4]} Qb6 25. Bg2 Nc4 26. Nxc4 bxc4 27. Qxc4 Qxb2 28.
Qc7 e5 $4 {a terrible blunder losing immediately} (28... Qb6 29. Qe7 $1 Qa5 30.
Rc1 $1 Qd8 31. Qxd8 Rxd8 32. Rfd1 $1 Rf8 (32... Bd7 33. Rd6) 33. Rc7 $16) 29.
Bd5+ Kh8 30. Rb1 {black resigned 30...Qxb1 31.Qxe5} 1-0